000 005300000a22001810004500
003 MACL
005 20150825132957.0
008 150825b xxu||||| |||| 00| 0 eng d
040 _aMACL
_cMACL
041 _aEnglish
082 _a658.8/BOD
100 _aBode, Maarten
_97322
245 _aTaking Traditional Knowledge to the Market
_bThe Modern Image of the Ayurvedic and Unani Industry 1980-2000
260 _bOrient Longmans Ltd
_c2008
_aNew Delhi
350 _a585
650 _aMarketing
_97323
942 _cBK
_k658.8/BOD
_2ddc
999 _c42172
_d42172